000 01014nam a22002657a 4500
999 _c21657
_d21657
003 AR-CdUCM
008 190319b ||||| |||| 00| 0 spa d
020 _a9786123181468
040 _aMUNICIPALIDAD PROVINCIAL DEL CUSCO
_cBIBLIOTECA MUNICIPAL DEL CUSCO
082 _a658.16/R39
_bR39
100 _aRemy, Paul
_945696
245 _a50 autopsias de crisis :
_b¿por qué el manejo mata más que el problema? /
_cPaul Remy
246 _aCincuenta autopsias de crisis : ¿por qué el manejo mata más que el problema?
260 _aLima ;
_bUniversidad Peruana de Ciencias Aplicadas,
_c2018.
300 _a347 Páginas. :
_bilustraciones ;
_c24 cm.
500 _zBibliografía: p. 311-347
650 _aAdministración de la crisis
_944686
650 _aEstudios de casos
_945697
650 _aGestión de conflictos
_945698
650 _aEstudio de casos
_98657
650 _aToma de decisiones
_912020
710 _aUniversidad Peruana de Ciencias Aplicadas
_945331
942 _2ddc
_cLIBROS
945 _aRoel